[Event "Bamberg-Open 2019"]
[Site "Bamberg"]
[Date "2019.05.31"]
[Round "4.10"]
[White "Wehner, Janis"]
[Black "Promyshlyanskiy, Vitaliy"]
[Result "1-0"]
[WhiteElo "2128"]
[BlackElo "2282"]
[Annotator "ChessBase"]
[PlyCount "90"]
[EventDate "2019.05.12"]
[EventType "swiss"]
[EventCountry "GER"]
[SourceTitle "playchess.com"]
[Source "ChessBase"]
[SourceQuality "1"]
[TimeControl "40/5400+30:900+30"]

1. e4 {[%emt 0:00:00]} e5 {[%emt 0:00:00]} 2. Nf3 {[%emt 0:00:00]} Nc6 {[%emt 0:00:00]} 3. Bb5 {[%emt 0:00:00]} a6 {[%emt 0:00:05]} 4. Ba4 {[%emt 0:00:00]} Nge7 {[%emt 0:00:29]} 5. c3 {[%emt 0:00:06]} g6 {[%emt 0:00:21]} 6. O-O {[%emt 0:00:09]} Bg7 {[%emt 0:00:19]} 7. d4 {[%emt 0:00:05]} exd4 {[%emt 0:00:22]} 8. cxd4 {[%emt 0:00:02]} b5 {[%emt 0:00:26]} 9. Bb3 {[%emt 0:00:06]} d6 {[%emt 0:02:16]} 10. h3 {[%emt 0:00:05]} O-O {[%emt 0:00:18]} 11. Nc3 {[%emt 0:00:03]} Na5 {[%emt 0:00:39]} 12. Bc2 {[%emt 0:00:06]} Bb7 {[%emt 0:00:40]} 13. Be3 {[%emt 0:05:18]} Nc4 {[%emt 0:01:59]} 14. Bc1 {[%emt 0:02:02]} c5 {[%emt 0:03:46]} 15. b3 {[%emt 0:00:20]} Nb6 {[%emt 0:06:35]} 16. Bb2 {[%emt 0:01:26]} f5 {[%emt 0:14:57]} 17. dxc5 {[%emt 0:05:13]} dxc5 {[%emt 0:00:27]} 18. Ng5 {[%emt 0:01:14]} Bc8 {[%emt 0:10:06]} 19. Qxd8 {[%emt 0:05:18]} Rxd8 {[%emt 0:00:16]} 20. Rad1 {[%emt 0:00:03]} Bd7 {[%emt 0:17:18]} 21. exf5 {[%emt 0:12:03]} Bxf5 {[%emt 0:07:48]} 22. Bxf5 {[%emt 0:04:11]} Nxf5 {[%emt 0:00:14]} 23. Rxd8+ {[%emt 0:12:25]} Rxd8 {[%emt 0:00:11]} 24. Rd1 {[%emt 0:00:34]} Re8 {[%emt 0:05:51]} 25. g4 {[%emt 0:04:29]} Nd4 {[%emt 0:00:55]} 26. Kg2 {[%emt 0:00:18]} b4 {[%emt 0:02:22]} 27. Nce4 {[%emt 0:02:13]} h6 {[%emt 0:01:04]} 28. Nxc5 {[%emt 0:00:24]} Ne2 {[%emt 0:11:37]} 29. Bxg7 {[%emt 0:09:38]} Nf4+ {[%emt 0:00:31]} 30. Kg3 {[%emt 0:04:14]} Kxg7 {[%emt 0:01:06]} 31. Kxf4 {[%emt 0:01:46]} hxg5+ {[%emt 0:00:11]} 32. Kf3 {[%emt 0:00:28]} a5 {[%emt 0:00:46]} 33. Rd6 {[%emt 0:03:43]} Rb8 {[%emt 0:03:38]} 34. Nd3 {[%emt 0:05:23]} Rf8+ {[%emt 0:01:04]} 35. Ke4 {[%emt 0:03:18]} Rf6 {[%emt 0:01:34]} 36. Ke5 {[%emt 0:08:07]} Rf3 {[%emt 0:01:35]} 37. Kd4 {[%emt 0:00:34]} Nc8 {[%emt 0:00:24]} 38. Rxg6+ {[%emt 0:00:09]} Kxg6 {[%emt 0:00:41]} 39. Ne5+ {[%emt 0:00:06]} Kf6 {[%emt 0:00:09]} 40. Nxf3 {[%emt 0:00:05]} Nd6 {[%emt 0:00:04]} 41. Nd2 {[%emt 0:24:26]} Nb5+ {[%emt 0:15:14]} 42. Ke3 {[%emt 0:00:13]} Nc3 {[%emt 0:00:24]} 43. Ne4+ {[%emt 0:01:13]} Ke5 {[%emt 0:01:27]} 44. Nxc3 {[%emt 0:01:36]} bxc3 {[%emt 0:00:05]} 45. a3 {[%emt 0:00:11]} Kd5 {[%emt 0:02:17] Ke4+} 1-0

[Event "Bamberg-Open 2019"]
[Site "Bamberg"]
[Date "2019.05.31"]
[Round "4.11"]
[White "Spitzl, Vinzent"]
[Black "Schenk, Alexander"]
[Result "1-0"]
[WhiteElo "2263"]
[BlackElo "2096"]
[Annotator "ChessBase"]
[PlyCount "75"]
[EventDate "2019.05.12"]
[EventType "swiss"]
[EventCountry "GER"]
[SourceTitle "playchess.com"]
[Source "ChessBase"]
[SourceQuality "1"]
[TimeControl "40/5400+30:900+30"]

1. Nf3 {[%emt 0:00:00]} d5 {[%emt 0:00:00]} 2. g3 {[%emt 0:00:00]} Nf6 {[%emt 0:00:00]} 3. Bg2 {[%emt 0:00:03]} e6 {[%emt 0:00:09]} 4. c4 {[%emt 0:00:13]} Be7 {[%emt 0:00:31]} 5. O-O {[%emt 0:00:08]} O-O {[%emt 0:00:06]} 6. b3 {[%emt 0:00:14]} c5 {[%emt 0:00:35]} 7. cxd5 {[%emt 0:00:25]} exd5 {[%emt 0:00:39]} 8. d4 {[%emt 0:00:25]} Nc6 {[%emt 0:05:10]} 9. Bb2 {[%emt 0:00:08]} Be6 {[%emt 0:07:00]} 10. Nc3 {[%emt 0:04:01]} Rc8 {[%emt 0:03:15]} 11. dxc5 {[%emt 0:04:00]} Bxc5 {[%emt 0:00:33]} 12. Nb5 {[%emt 0:01:49]} Qe7 {[%emt 0:05:11]} 13. a3 {[%emt 0:01:39]} a6 {[%emt 0:01:09]} 14. Nbd4 {[%emt 0:00:17]} Bg4 {[%emt 0:02:52]} 15. Nxc6 {[%emt 0:08:05]} bxc6 {[%emt 0:04:10]} 16. b4 {[%emt 0:00:29]} Bb6 {[%emt 0:03:47]} 17. Qd3 {[%emt 0:02:10]} Ra8 {[%emt 0:13:25]} 18. Ne5 {[%emt 0:01:37]} Bd7 {[%emt 0:04:33]} 19. Rac1 {[%emt 0:06:11]} Rfc8 {[%emt 0:00:41]} 20. Nxd7 {[%emt 0:02:29]} Nxd7 {[%emt 0:01:35]} 21. e4 {[%emt 0:00:28]} dxe4 {[%emt 0:07:25]} 22. Bxe4 {[%emt 0:00:33]} Ne5 {[%emt 0:01:48]} 23. Bxh7+ {[%emt 0:00:58]} Kh8 {[%emt 0:00:10]} 24. Qf5 {[%emt 0:00:43]} Re8 {[%emt 0:06:12]} 25. Qh5 {[%emt 0:01:22]} Qg5 {[%emt 0:00:21]} 26. Qxg5 {[%emt 0:01:28]} Nf3+ {[%emt 0:00:05]} 27. Kg2 {[%emt 0:00:05]} Nxg5 {[%emt 0:00:04]} 28. Bf5 {[%emt 0:00:27]} Re2 {[%emt 0:01:48]} 29. Rxc6 {[%emt 0:01:00]} Rxb2 {[%emt 0:00:40]} 30. Rxb6 {[%emt 0:00:08]} Ra2 {[%emt 0:00:43]} 31. h4 {[%emt 0:00:52]} Nh7 {[%emt 0:00:30]} 32. Be4 {[%emt 0:00:14]} Rd8 {[%emt 0:05:07]} 33. Rxa6 {[%emt 0:00:16]} Nf6 {[%emt 0:00:10]} 34. Bf3 {[%emt 0:00:10]} Rdd2 {[%emt 0:00:15]} 35. b5 {[%emt 0:00:34]} Rdb2 {[%emt 0:00:16]} 36. b6 {[%emt 0:00:11]} Nd7 {[%emt 0:00:32]} 37. b7 {[%emt 0:00:07]} Kh7 {[%emt 0:00:14]} 38. Ra8 {[%emt 0:00:44]} 1-0

[Event "Bamberg-Open 2019"]
[Site "Bamberg"]
[Date "2019.05.31"]
[Round "4.12"]
[White "Sukaylo, Aleksey"]
[Black "Mooser, Stefan"]
[Result "0-1"]
[WhiteElo "2097"]
[BlackElo "2215"]
[Annotator "ChessBase"]
[PlyCount "86"]
[EventDate "2019.05.12"]
[EventType "swiss"]
[EventCountry "GER"]
[SourceTitle "playchess.com"]
[Source "ChessBase"]
[SourceQuality "1"]
[TimeControl "40/5400+30:900+30"]

1. e4 {[%emt 0:00:00]} c5 {[%emt 0:01:52]} 2. Nf3 {[%emt 0:00:00]} e6 {[%emt 0:00:06]} 3. d4 {[%emt 0:00:00]} cxd4 {[%emt 0:00:07]} 4. Nxd4 {[%emt 0:00:00]} Nc6 {[%emt 0:00:14]} 5. Nc3 {[%emt 0:00:00]} Qc7 {[%emt 0:00:07]} 6. Be3 {[%emt 0:00:37]} a6 {[%emt 0:00:07]} 7. Qd2 {[%emt 0:00:35]} Nf6 {[%emt 0:00:57]} 8. f3 {[%emt 0:00:39]} Be7 {[%emt 0:00:38]} 9. O-O-O {[%emt 0:01:22]} b5 {[%emt 0:00:08]} 10. g4 {[%emt 0:00:44]} Nxd4 {[%emt 0:00:13]} 11. Qxd4 {[%emt 0:13:05]} Bb7 {[%emt 0:00:13]} 12. g5 {[%emt 0:00:22]} Nh5 {[%emt 0:00:06]} 13. Bh3 {[%emt 0:04:21]} Rc8 {[%emt 0:00:21]} 14. Bg4 {[%emt 0:03:53]} b4 {[%emt 0:00:15]} 15. Bxh5 {[%emt 0:03:36]} bxc3 {[%emt 0:00:06]} 16. Qxc3 {[%emt 0:04:47]} Qxc3 {[%emt 0:07:01]} 17. bxc3 {[%emt 0:00:13]} d5 {[%emt 0:05:22]} 18. e5 {[%emt 0:13:31]} g6 {[%emt 0:12:49]} 19. Bg4 {[%emt 0:01:43]} Rxc3 {[%emt 0:02:05]} 20. Rd3 {[%emt 0:00:25]} Rxd3 {[%emt 0:07:28]} 21. cxd3 {[%emt 0:00:02]} d4 {[%emt 0:00:38]} 22. Bd2 {[%emt 0:07:51]} Kd7 {[%emt 0:13:16]} 23. Kb2 {[%emt 0:05:07]} Bc6 {[%emt 0:03:20]} 24. Bc1 {[%emt 0:18:49]} Rb8+ {[%emt 0:14:28]} 25. Ka1 {[%emt 0:00:10]} Rb5 {[%emt 0:00:06]} 26. Rd1 {[%emt 0:11:53]} Rxe5 {[%emt 0:02:59]} 27. f4 {[%emt 0:00:05]} Ra5 {[%emt 0:01:06]} 28. Bd2 {[%emt 0:01:03]} Ra3 {[%emt 0:01:15]} 29. Bc1 {[%emt 0:00:16]} Ra4 {[%emt 0:00:34]} 30. Rd2 {[%emt 0:01:29]} Bb4 {[%emt 0:01:08]} 31. Rf2 {[%emt 0:00:35]} Bd5 {[%emt 0:02:11]} 32. Bd1 {[%emt 0:00:25]} Bc3+ {[%emt 0:00:15]} 33. Kb1 {[%emt 0:00:08]} Rb4+ {[%emt 0:00:20]} 34. Bb2 {[%emt 0:00:17]} Kd6 {[%emt 0:05:57]} 35. Kc1 {[%emt 0:01:37]} Bxb2+ {[%emt 0:02:26]} 36. Rxb2 {[%emt 0:00:01]} Rxb2 {[%emt 0:00:14]} 37. Kxb2 {[%emt 0:00:02]} e5 {[%emt 0:00:09]} 38. fxe5+ {[%emt 0:00:18]} Kxe5 {[%emt 0:00:01]} 39. Bb3 {[%emt 0:00:37]} Bxb3 {[%emt 0:02:18]} 40. Kxb3 {[%emt 0:00:25]} f5 {[%emt 0:00:02]} 41. gxf6 {[%emt 0:15:27]} Kxf6 {[%emt 0:15:02]} 42. Kb4 {[%emt 0:00:37]} g5 {[%emt 0:00:12]} 43. Kc5 {[%emt 0:01:27]} Ke5 {[%emt 0:00:02]} 0-1

[Event "Bamberg-Open 2019"]
[Site "Bamberg"]
[Date "2019.05.31"]
[Round "4.13"]
[White "Stauch, Edgar"]
[Black "Carnot, Luca"]
[Result "1/2-1/2"]
[WhiteElo "2207"]
[BlackElo "2043"]
[Annotator "ChessBase"]
[PlyCount "54"]
[EventDate "2019.05.12"]
[EventType "swiss"]
[EventCountry "GER"]
[SourceTitle "playchess.com"]
[Source "ChessBase"]
[SourceQuality "1"]
[TimeControl "40/5400+30:900+30"]

1. c4 {[%emt 0:03:13]} c5 {[%emt 0:00:00]} 2. g3 {[%emt 0:00:09]} g6 {[%emt 0:00:00]} 3. Nc3 {[%emt 0:00:07]} Bg7 {[%emt 0:00:00]} 4. Bg2 {[%emt 0:00:12]} Nc6 {[%emt 0:00:00]} 5. e3 {[%emt 0:03:59]} e5 {[%emt 0:00:04]} 6. a3 {[%emt 0:02:51]} Nge7 {[%emt 0:00:54]} 7. Rb1 {[%emt 0:01:16]} Rb8 {[%emt 0:06:49]} 8. b4 {[%emt 0:02:25]} d6 {[%emt 0:01:47]} 9. b5 {[%emt 0:01:22]} Na5 {[%emt 0:00:05]} 10. d3 {[%emt 0:03:09]} b6 {[%emt 0:00:34]} 11. Bd2 {[%emt 0:01:48]} Be6 {[%emt 0:00:39]} 12. e4 {[%emt 0:02:27]} O-O {[%emt 0:00:37]} 13. Nd5 {[%emt 0:13:53]} Nb7 {[%emt 0:01:26]} 14. h4 {[%emt 0:01:49]} h6 {[%emt 0:08:13]} 15. Qc1 {[%emt 0:12:06]} Kh7 {[%emt 0:01:19]} 16. h5 {[%emt 0:10:09]} g5 {[%emt 0:04:04]} 17. f4 {[%emt 0:09:15]} gxf4 {[%emt 0:10:23]} 18. gxf4 {[%emt 0:00:16]} Rg8 {[%emt 0:10:47]} 19. Nxe7 {[%emt 0:06:16]} Qxe7 {[%emt 0:00:06]} 20. f5 {[%emt 0:00:11]} Bd7 {[%emt 0:00:12]} 21. Kf1 {[%emt 0:01:36]} Qf8 {[%emt 0:01:02]} 22. Nf3 {[%emt 0:02:35]} Bf6 {[%emt 0:00:17]} 23. Bh3 {[%emt 0:05:08]} Rg3 {[%emt 0:01:57]} 24. Kf2 {[%emt 0:00:23]} Qg7 {[%emt 0:00:18]} 25. Rg1 {[%emt 0:01:54]} Rg8 {[%emt 0:06:17]} 26. Be3 {[%emt 0:05:36]} Na5 {[%emt 0:00:42]} 27. Bd2 {[%emt 0:03:33]} Rxg1 {[%emt 0:06:22]} 1/2-1/2

[Event "Bamberg-Open 2019"]
[Site "Bamberg"]
[Date "2019.05.31"]
[Round "4.14"]
[White "Fiedorek, Michal"]
[Black "Chennaoui, Yasin"]
[Result "1/2-1/2"]
[WhiteElo "2088"]
[BlackElo "2184"]
[Annotator "ChessBase"]
[PlyCount "109"]
[EventDate "2019.05.12"]
[EventType "swiss"]
[EventCountry "GER"]
[SourceTitle "playchess.com"]
[Source "ChessBase"]
[SourceQuality "1"]
[TimeControl "40/5400+30:900+30"]

1. e4 {[%emt 0:00:00]} d6 {[%emt 0:00:00]} 2. d4 {[%emt 0:00:02]} Nf6 {[%emt 0:00:00]} 3. Nc3 {[%emt 0:00:14]} e5 {[%emt 0:00:00]} 4. Nf3 {[%emt 0:00:49]} Nbd7 {[%emt 0:00:00]} 5. Bc4 {[%emt 0:00:26]} Be7 {[%emt 0:00:00]} 6. O-O {[%emt 0:00:27]} Nb6 {[%emt 0:03:00]} 7. Bb3 {[%emt 0:08:49]} exd4 {[%emt 0:00:08]} 8. Qxd4 {[%emt 0:02:21]} O-O {[%emt 0:00:24]} 9. a4 {[%emt 0:01:41]} a5 {[%emt 0:00:33]} 10. h3 {[%emt 0:11:42]} Nfd7 {[%emt 0:00:16]} 11. Be3 {[%emt 0:04:45]} Nc5 {[%emt 0:02:58]} 12. Rad1 {[%emt 0:16:34]} Nxb3 {[%emt 0:01:31]} 13. cxb3 {[%emt 0:00:19]} Be6 {[%emt 0:01:15]} 14. Nd2 {[%emt 0:00:55]} d5 {[%emt 0:04:45]} 15. exd5 {[%emt 0:08:13]} Nxd5 {[%emt 0:00:45]} 16. Nxd5 {[%emt 0:00:59]} Qxd5 {[%emt 0:06:07]} 17. Qxd5 {[%emt 0:04:12]} Bxd5 {[%emt 0:00:01]} 18. Nc4 {[%emt 0:00:17]} Rfd8 {[%emt 0:00:19]} 19. Bf4 {[%emt 0:01:56]} Rac8 {[%emt 0:08:42]} 20. Nxa5 {[%emt 0:05:25]} Bf6 {[%emt 0:01:18]} 21. Rd2 {[%emt 0:06:18]} b6 {[%emt 0:03:34]} 22. Nc4 {[%emt 0:00:40]} Bxc4 {[%emt 0:00:39]} 23. Rxd8+ {[%emt 0:00:17]} Rxd8 {[%emt 0:00:02]} 24. bxc4 {[%emt 0:00:14]} Rd4 {[%emt 0:00:51]} 25. Bxc7 {[%emt 0:00:53]} Rxc4 {[%emt 0:00:00]} 26. Bxb6 {[%emt 0:05:32]} Rxa4 27. Re1 {[%emt 0:02:41]} h6 {[%emt 0:00:15]} 28. Re2 {[%emt 0:01:18]} Rb4 {[%emt 0:00:08]} 29. Bc5 {[%emt 0:01:27]} Rxb2 {[%emt 0:00:05]} 30. Rxb2 {[%emt 0:00:12]} Bxb2 {[%emt 0:00:02]} 31. g4 {[%emt 0:00:37]} Kh7 {[%emt 0:01:42]} 32. Kg2 {[%emt 0:00:53]} h5 {[%emt 0:00:18]} 33. Kg3 {[%emt 0:01:47]} Kg6 {[%emt 0:00:02]} 34. Be3 {[%emt 0:03:16]} Ba3 {[%emt 0:00:37]} 35. Bd4 {[%emt 0:02:44]} Bf8 {[%emt 0:00:07]} 36. f4 {[%emt 0:01:58]} hxg4 {[%emt 0:02:34]} 37. hxg4 {[%emt 0:00:17]} Bd6 {[%emt 0:00:42]} 38. Kf3 {[%emt 0:00:13]} Be7 {[%emt 0:00:59]} 39. f5+ {[%emt 0:00:30]} Kh6 {[%emt 0:00:47]} 40. Be3+ {[%emt 0:00:21]} Bg5 {[%emt 0:00:07]} 41. Bxg5+ {[%emt 0:17:48]} Kxg5 {[%emt 0:15:04]} 42. Kg3 {[%emt 0:00:07]} f6 {[%emt 0:00:30]} 43. Kf3 {[%emt 0:00:36]} Kh4 {[%emt 0:00:09]} 44. Kf4 {[%emt 0:00:05]} Kh3 {[%emt 0:00:08]} 45. Kf3 {[%emt 0:00:15]} Kh2 {[%emt 0:00:13]} 46. Kf2 {[%emt 0:00:47]} Kh3 {[%emt 0:00:50]} 47. Kf3 {[%emt 0:00:05]} Kh4 {[%emt 0:00:04]} 48. Kf4 {[%emt 0:00:05]} Kh3 {[%emt 0:00:04]} 49. Kf3 {[%emt 0:00:05]} Kh2 {[%emt 0:00:04]} 50. Kf2 {[%emt 0:00:05]} Kh1 {[%emt 0:04:27]} 51. Kf1 {[%emt 0:00:39]} Kh2 {[%emt 0:00:01]} 52. Kf2 {[%emt 0:00:06]} Kh1 {[%emt 0:00:04]} 53. Kf1 {[%emt 0:00:04]} Kh2 {[%emt 0:00:04]} 54. Kf2 {[%emt 0:00:04]} Kh1 {[%emt 0:00:06]} 55. Kf1 {[%emt 0:00:04]} 1/2-1/2

[Event "Bamberg-Open 2019"]
[Site "Bamberg"]
[Date "2019.05.31"]
[Round "4.15"]
[White "Birkner, Frank"]
[Black "Schmidt, Justus"]
[Result "1-0"]
[WhiteElo "1784"]
[BlackElo "2153"]
[Annotator "ChessBase"]
[PlyCount "69"]
[EventDate "2019.05.12"]
[EventType "swiss"]
[EventCountry "GER"]
[SourceTitle "playchess.com"]
[Source "ChessBase"]
[SourceQuality "1"]
[TimeControl "40/5400+30:900+30"]

1. d4 {[%emt 0:00:00]} Nf6 {[%emt 0:00:00]} 2. c4 {[%emt 0:00:00]} g6 {[%emt 0:00:07]} 3. Nc3 {[%emt 0:00:11]} Bg7 {[%emt 0:00:04]} 4. e4 {[%emt 0:00:29]} d6 {[%emt 0:00:05]} 5. f3 {[%emt 0:00:15]} O-O {[%emt 0:00:08]} 6. Be3 {[%emt 0:00:23]} Nbd7 {[%emt 0:00:13]} 7. Nge2 {[%emt 0:00:33]} c5 {[%emt 0:00:09]} 8. Qd2 {[%emt 0:00:19]} a6 {[%emt 0:00:44]} 9. Bh6 {[%emt 0:03:00]} cxd4 {[%emt 0:05:02]} 10. Nxd4 {[%emt 0:00:21]} Ne5 {[%emt 0:03:05]} 11. Bxg7 {[%emt 0:03:32]} Kxg7 {[%emt 0:00:09]} 12. Be2 {[%emt 0:00:39]} Qa5 {[%emt 0:06:19]} 13. Nd5 {[%emt 0:02:19]} Qxd2+ {[%emt 0:01:06]} 14. Kxd2 {[%emt 0:00:02]} Nxd5 {[%emt 0:01:58]} 15. cxd5 {[%emt 0:00:06]} Bd7 {[%emt 0:07:49]} 16. f4 {[%emt 0:03:13]} Ng4 {[%emt 0:08:59]} 17. Bxg4 {[%emt 0:00:16]} Bxg4 {[%emt 0:00:10]} 18. f5 {[%emt 0:00:22]} gxf5 {[%emt 0:03:59]} 19. h3 {[%emt 0:00:53]} Bh5 {[%emt 0:01:57]} 20. exf5 {[%emt 0:00:02]} Rfc8 {[%emt 0:03:55]} 21. g4 {[%emt 0:01:45]} Rc5 {[%emt 0:00:58]} 22. gxh5 {[%emt 0:02:58]} Rxd5 {[%emt 0:00:05]} 23. Ke3 {[%emt 0:02:40]} Re8 {[%emt 0:00:34]} 24. Rhg1+ {[%emt 0:15:38]} Kh6 {[%emt 0:00:27]} 25. Rac1 {[%emt 0:02:01]} e6 {[%emt 0:00:58]} 26. fxe6 {[%emt 0:04:54]} Rxh5 {[%emt 0:02:32]} 27. Rg3 {[%emt 0:03:59]} fxe6 {[%emt 0:00:21]} 28. Rf1 {[%emt 0:00:30]} Re5+ {[%emt 0:00:50]} 29. Kd3 {[%emt 0:02:45]} Rd5 {[%emt 0:00:26]} 30. Rf6+ {[%emt 0:00:21]} Kh5 {[%emt 0:00:05]} 31. Ke4 {[%emt 0:03:11]} Re5+ {[%emt 0:07:17]} 32. Kf3 {[%emt 0:03:40]} Re1 {[%emt 0:01:08]} 33. Kf2 {[%emt 0:03:01]} Re5 {[%emt 0:01:27]} 34. Ne2 {[%emt 0:00:45]} Rf5+ {[%emt 0:01:01]} 35. Nf4+ {[%emt 0:00:20]} 1-0

[Event "Bamberg-Open 2019"]
[Site "Bamberg"]
[Date "2019.05.31"]
[Round "4.16"]
[White "Ruffenach, Alain"]
[Black "Ammon, Tobias"]
[Result "0-1"]
[WhiteElo "1936"]
[BlackElo "2151"]
[Annotator "ChessBase"]
[PlyCount "107"]
[EventDate "2019.05.12"]
[EventType "swiss"]
[EventCountry "GER"]
[SourceTitle "playchess.com"]
[Source "ChessBase"]
[SourceQuality "1"]
[TimeControl "40/5400+30:900+30"]

1. d4 {[%emt 0:00:00]} d5 {[%emt 0:00:00]} 2. Nf3 {[%emt 0:00:00]} c6 {[%emt 0:00:00]} 3. e3 {[%emt 0:00:00]} Bf5 {[%emt 0:00:03]} 4. Bd3 {[%emt 0:00:01]} Bxd3 {[%emt 0:01:33]} 5. Qxd3 {[%emt 0:00:07]} Nf6 {[%emt 0:00:15]} 6. c4 {[%emt 0:00:27]} e6 {[%emt 0:00:49]} 7. O-O {[%emt 0:00:09]} Bd6 {[%emt 0:03:59]} 8. Nc3 {[%emt 0:04:13]} Nbd7 {[%emt 0:02:16]} 9. e4 {[%emt 0:00:40]} dxe4 {[%emt 0:07:23]} 10. Nxe4 {[%emt 0:00:02]} Nxe4 {[%emt 0:00:08]} 11. Qxe4 {[%emt 0:00:06]} Nf6 {[%emt 0:00:09]} 12. Qe2 {[%emt 0:02:16]} O-O {[%emt 0:02:39]} 13. Bg5 {[%emt 0:00:41]} Be7 {[%emt 0:02:58]} 14. Rfd1 {[%emt 0:00:28]} Re8 {[%emt 0:02:59]} 15. Rd3 {[%emt 0:01:33]} Nd7 {[%emt 0:17:54]} 16. h4 {[%emt 0:17:27]} h6 {[%emt 0:01:57]} 17. Bd2 {[%emt 0:10:12]} Bxh4 {[%emt 0:06:36]} 18. Nxh4 {[%emt 0:01:02]} Qxh4 {[%emt 0:00:04]} 19. Rh3 {[%emt 0:00:06]} Qf6 {[%emt 0:01:04]} 20. Qg4 {[%emt 0:15:20]} Kh7 {[%emt 0:15:24]} 21. Rf3 {[%emt 0:09:02]} Qg6 {[%emt 0:01:45]} 22. Qh4 {[%emt 0:03:20]} Nf6 {[%emt 0:01:08]} 23. Rg3 {[%emt 0:04:22]} Qh5 {[%emt 0:05:34]} 24. Qf4 {[%emt 0:01:42]} e5 {[%emt 0:05:37]} 25. dxe5 {[%emt 0:00:13]} Qxe5 {[%emt 0:01:49]} 26. Rxg7+ {[%emt 0:02:36]} Kxg7 {[%emt 0:00:05]} 27. Qxh6+ {[%emt 0:00:09]} Kg8 {[%emt 0:00:04]} 28. Bc3 {[%emt 0:00:09]} Ng4 {[%emt 0:00:21]} 29. Qh4 {[%emt 0:04:15]} Qh2+ {[%emt 0:00:08]} 30. Qxh2 {[%emt 0:00:12]} Nxh2 {[%emt 0:00:05]} 31. Kxh2 {[%emt 0:03:21]} Kh7 {[%emt 0:02:10]} 32. Kg3 {[%emt 0:00:56]} Rad8 {[%emt 0:01:01]} 33. Rh1+ {[%emt 0:03:14]} Kg6 {[%emt 0:00:04]} 34. Rh4 {[%emt 0:00:41]} f5 {[%emt 0:01:36]} 35. Bd4 {[%emt 0:03:06]} Re4 {[%emt 0:08:49]} 36. Rxe4 {[%emt 0:00:11]} fxe4 {[%emt 0:00:01]} 37. Bxa7 {[%emt 0:00:07]} Kf5 {[%emt 0:02:31]} 38. Be3 {[%emt 0:00:15]} Rg8+ {[%emt 0:01:04]} 39. Kh3 {[%emt 0:00:35]} Rh8+ {[%emt 0:00:21]} 40. Kg3 {[%emt 0:00:10]} Ra8 {[%emt 0:00:38]} 41. a3 {[%emt 0:15:19]} Ra4 {[%emt 0:16:50]} 42. c5 {[%emt 0:05:22]} Rc4 {[%emt 0:00:37]} 43. Kh4 {[%emt 0:00:13]} Rc2 {[%emt 0:05:08]} 44. Kh5 {[%emt 0:00:26]} Rxb2 {[%emt 0:00:03]} 45. g4+ {[%emt 0:00:16]} Ke6 {[%emt 0:00:03]} 46. g5 {[%emt 0:02:53]} Rb3 {[%emt 0:00:00]} 47. Kh6 {[%emt 0:00:00]} Rxa3 {[%emt 0:00:00]} 48. g6 {[%emt 0:00:00]} Ra1 {[%emt 0:00:00]} 49. Kh7 {[%emt 0:00:00]} Rg1 {[%emt 0:00:00]} 50. f4 {[%emt 0:03:09]} Rg3 {[%emt 0:00:00]} 51. Bd4 {[%emt 0:05:51]} e3 {[%emt 0:00:00]} 52. f5+ {[%emt 0:02:50]} Kxf5 {[%emt 0:00:00]} 53. g7 {[%emt 0:00:10]} Ke4 {[%emt 0:00:32]} 54. Bf6 {[%emt 0:01:24]} 0-1

[Event "Bamberg-Open 2019"]
[Site "Bamberg"]
[Date "2019.05.31"]
[Round "4.17"]
[White "Syperek, Sebastian"]
[Black "Ziegenfuss, Holger"]
[Result "0-1"]
[WhiteElo "2184"]
[BlackElo "2006"]
[Annotator "ChessBase"]
[PlyCount "70"]
[EventDate "2019.05.12"]
[EventType "swiss"]
[EventCountry "GER"]
[SourceTitle "playchess.com"]
[Source "ChessBase"]
[SourceQuality "1"]
[TimeControl "40/5400+30:900+30"]

1. Nf3 {[%emt 0:00:00]} c5 {[%emt 0:00:27]} 2. g3 {[%emt 0:00:24]} Nc6 {[%emt 0:00:51]} 3. Bg2 {[%emt 0:00:07]} g6 {[%emt 0:02:35]} 4. O-O {[%emt 0:00:10]} Bg7 {[%emt 0:00:06]} 5. d3 {[%emt 0:00:19]} d6 {[%emt 0:08:42]} 6. e4 {[%emt 0:00:48]} Bd7 {[%emt 0:03:32]} 7. Nc3 {[%emt 0:00:36]} Qc8 {[%emt 0:02:44]} 8. Re1 {[%emt 0:00:30]} Bg4 {[%emt 0:12:59]} 9. Nd5 {[%emt 0:04:17]} Ne5 {[%emt 0:10:42]} 10. c3 {[%emt 0:01:46]} Nf6 {[%emt 0:08:52]} 11. Nxf6+ {[%emt 0:06:15]} Bxf6 {[%emt 0:00:40]} 12. Bf4 {[%emt 0:02:45]} O-O {[%emt 0:12:49]} 13. Bxe5 {[%emt 0:06:27]} dxe5 {[%emt 0:00:32]} 14. Qe2 {[%emt 0:08:13]} Rd8 {[%emt 0:00:57]} 15. Qe3 {[%emt 0:00:48]} a5 {[%emt 0:05:03]} 16. a4 {[%emt 0:01:04]} Ra6 {[%emt 0:00:17]} 17. Nd2 {[%emt 0:00:32]} Be6 {[%emt 0:05:16]} 18. b3 {[%emt 0:08:26]} Bg7 {[%emt 0:04:49]} 19. Red1 {[%emt 0:02:19]} Rad6 {[%emt 0:00:59]} 20. Bf1 {[%emt 0:01:51]} h5 {[%emt 0:00:44]} 21. Be2 {[%emt 0:02:41]} b6 {[%emt 0:03:15]} 22. Nc4 {[%emt 0:02:33]} Rc6 {[%emt 0:01:03]} 23. Rac1 {[%emt 0:06:57]} Kh7 {[%emt 0:00:07]} 24. f4 {[%emt 0:01:20]} exf4 {[%emt 0:02:21]} 25. gxf4 {[%emt 0:00:18]} Bxc4 {[%emt 0:02:00]} 26. dxc4 {[%emt 0:03:07]} Rcd6 {[%emt 0:00:37]} 27. Rd5 {[%emt 0:02:08]} e6 {[%emt 0:00:18]} 28. Rxd6 {[%emt 0:02:40]} Rxd6 {[%emt 0:00:04]} 29. e5 {[%emt 0:01:24]} Rd7 {[%emt 0:00:03]} 30. Bd3 {[%emt 0:03:47]} Qd8 {[%emt 0:01:35]} 31. Rd1 {[%emt 0:00:03]} Bh6 {[%emt 0:01:03]} 32. Qf3 {[%emt 0:00:50]} Kg8 {[%emt 0:01:25]} 33. f5 {[%emt 0:06:02]} exf5 {[%emt 0:00:10]} 34. Qe2 {[%emt 0:00:39]} Qg5+ {[%emt 0:01:57]} 35. Kh1 {[%emt 0:00:29]} Qe3 {[%emt 0:00:15]} 0-1

[Event "Bamberg-Open 2019"]
[Site "Bamberg"]
[Date "2019.05.31"]
[Round "4.18"]
[White "Troyke, Christian"]
[Black "Wichmann, Adrian"]
[Result "1/2-1/2"]
[WhiteElo "2328"]
[BlackElo "2060"]
[Annotator "ChessBase"]
[PlyCount "45"]
[EventDate "2019.05.12"]
[EventType "swiss"]
[EventCountry "GER"]
[SourceTitle "playchess.com"]
[Source "ChessBase"]
[SourceQuality "1"]
[TimeControl "40/5400+30:900+30"]

1. g3 {[%emt 0:00:00]} e5 {[%emt 0:00:00]} 2. c4 {[%emt 0:00:00]} Nf6 {[%emt 0:00:00]} 3. Bg2 {[%emt 0:00:00]} d5 {[%emt 0:00:00]} 4. cxd5 {[%emt 0:00:07]} Nxd5 {[%emt 0:00:01]} 5. Nc3 {[%emt 0:00:08]} Nb6 {[%emt 0:00:13]} 6. Nf3 {[%emt 0:00:13]} Nc6 {[%emt 0:00:07]} 7. O-O {[%emt 0:00:28]} Be7 {[%emt 0:00:05]} 8. b3 {[%emt 0:00:26]} O-O {[%emt 0:00:23]} 9. Bb2 {[%emt 0:00:05]} f6 {[%emt 0:00:25]} 10. Rc1 {[%emt 0:03:16]} Be6 {[%emt 0:02:06]} 11. d4 {[%emt 0:04:51]} Nxd4 {[%emt 0:05:06]} 12. Nxd4 {[%emt 0:00:07]} exd4 {[%emt 0:00:06]} 13. Ne4 {[%emt 0:00:10]} d3 {[%emt 0:01:16]} 14. e3 {[%emt 0:09:38]} c6 {[%emt 0:05:01]} 15. Rc3 {[%emt 0:03:08]} d2 {[%emt 0:04:49]} 16. Rc2 {[%emt 0:02:07]} Qc8 {[%emt 0:01:54]} 17. Rxd2 {[%emt 0:00:43]} Bd5 {[%emt 0:02:10]} 18. Qc1 {[%emt 0:04:21]} Qf5 {[%emt 0:02:21]} 19. Nc3 {[%emt 0:01:11]} Bxg2 {[%emt 0:00:14]} 20. Kxg2 {[%emt 0:00:03]} Rad8 {[%emt 0:00:50]} 21. Rfd1 {[%emt 0:00:52]} Rxd2 {[%emt 0:00:28]} 22. Rxd2 {[%emt 0:00:21]} Rd8 {[%emt 0:01:04]} 23. e4 {[%emt 0:04:11]} 1/2-1/2